Tout les joueurs de Ligue 1 2023-2024 - Statistiques

Statistiques générales
  • Ce quiz a été pris 453 fois
  • Le résultat moyen est 129 sur 481
Statistiques - réponses
Joueur Nationalité Équipe % Correct
Gianluigi Donnarumma 🇮🇹 PSG
93%
Kylian Mbappé 🇫🇷🇨🇲 PSG
90%
Keylor Navas 🇨🇷🇪🇸 PSG
83%
Ousmane Dembélé 🇫🇷 PSG
78%
Achraf Hakimi 🇲🇦🇪🇸 PSG
77%
Gonçalo Ramos 🇵🇹 PSG
77%
Fabian Ruiz 🇪🇸 PSG
76%
Marquinhos 🇧🇷🇵🇹 PSG
76%
Marquinhos 🇧🇷 Nantes
76%
Nuno Mendes 🇵🇹 PSG
76%
Vitinha 🇵🇹 PSG
76%
Vitinha 🇵🇹 OM
76%
Kang-in Lee 🇰🇷 PSG
75%
Milan Skriniar 🇸🇰 PSG
74%
Manuel Ugarte 🇺🇾 PSG
73%
Presnel Kimpembe 🇫🇷🇨🇩 PSG
73%
Abou Lo 🇸🇳 Metz
72%
Lucas Hernandez 🇫🇷🇪🇸 PSG
72%
Randal Kolo-muani 🇫🇷🇨🇩 PSG
71%
Bradley Barcola 🇫🇷🇹🇬 PSG
67%
Pau Lopez 🇪🇸 OM
67%
Warren Zaïre-Emery 🇫🇷🇲🇶 PSG
66%
Carlos Soler 🇪🇸 PSG
65%
Alexandre Lacazette 🇫🇷🇬🇵 OL
64%
Pierre-Emerick Aubameyang 🇬🇦🇫🇷 OM
64%
Arnau Tenas 🇪🇸 PSG
63%
Sergio Rico 🇪🇸 PSG
63%
Brice Samba 🇫🇷🇨🇬 Lens
62%
Jonathan David 🇨🇦🇺🇸 LOSC
62%
Danilo Pereira 🇵🇹🇬🇼 PSG
61%
Steve Mandanda 🇫🇷🇨🇩 Rennes
61%
Anthony Lopes 🇵🇹🇫🇷 OL
60%
Wissam Ben Yedder 🇫🇷🇹🇳 Monaco
60%
Alexsandr Golovin 🇷🇺 Monaco
59%
Jordan Veretout 🇫🇷 OM
59%
Chancel Mbemba 🇨🇩 OM
58%
Nolan Mbemba 🇨🇬🇫🇷 Le Havre
58%
Youssouf Fofana 🇫🇷🇲🇱 Monaco
58%
Elye Wahi 🇫🇷🇨🇮 Lens
57%
Lucas Chevalier 🇫🇷 LOSC
57%
Marco Asensio 🇪🇸🇳🇱 PSG
57%
Jonathan Clauss 🇫🇷 OM
56%
Amine Harit 🇲🇦🇫🇷 OM
55%
Dante 🇧🇷 Nice
55%
Leonardo Balerdi 🇦🇷🇮🇹 OM
55%
Alban Lafont 🇫🇷🇧🇫 Nantes
54%
Lamine Camara 🇸🇳 Metz
54%
Mahdi Camara 🇫🇷🇬🇲 Brest
54%
Marcin Bulka 🇵🇱 Nice
54%
Mohammed Camara 🇲🇱 Monaco
54%
Amine Gouiri 🇫🇷🇩🇿 Rennes
53%
Takumi Minamino 🇯🇵 Monaco
53%
Valentin Rongier 🇫🇷 OM
53%
Nordi Mukiele 🇫🇷🇨🇩 PSG
52%
Facundo Medina 🇦🇷 Lens
51%
Iliman Ndiaye 🇸🇳🇫🇷 OM
51%
Ismaïla Sarr 🇸🇳 OM
51%
Mamadou Sarr 🇫🇷🇸🇳 OL
51%
Martin Terrier 🇫🇷 Rennes
51%
Massamba N'Diaye 🇸🇳 Clermont
51%
Rassoul Ndiaye 🇸🇳🇫🇷 Le Havre
51%
Arnaud Kalimuendo 🇫🇷🇨🇩 Rennes
50%
Benjamin Bourigeaud 🇫🇷 Rennes
50%
Corentin Tolisso 🇫🇷🇹🇬 OL
50%
Florian Sotoca 🇫🇷 Lens
50%
Gaëtan Laborde 🇫🇷 Nice
50%
Kevin Danso 🇦🇹 Lens
50%
Przemyslaw Frankowski 🇵🇱 Lens
50%
Rayan Cherki 🇫🇷🇩🇿 OL
50%
Samuel Gigot 🇫🇷 OM
50%
Téji Savanier 🇫🇷🇩🇿 Montpellier
50%
Azzedine Ounahi 🇲🇦 OM
49%
Caio Henrique 🇧🇷🇪🇸 Monaco
49%
Terem Moffi 🇳🇬 Nice
49%
Benjamin André 🇫🇷 LOSC
48%
Folarin Balogun 🇺🇸🏴󠁧󠁢󠁥󠁮󠁧󠁿 Monaco
48%
Antoine Mendy 🇫🇷🇸🇳 Nice
47%
Arthur Theate 🇧🇪 Rennes
47%
Benjamin Mendy 🇫🇷🇸🇳 Lorient
47%
Formose Mendy 🇸🇳🇬🇼 Lorient
47%
Moses Simon 🇳🇬 Nantes
47%
Nampalys Mendy 🇸🇳🇫🇷 Lens
47%
Alexandre Letellier 🇫🇷 PSG
46%
Geoffrey Kondogbia 🇨🇫🇫🇷 OM
46%
Junya Ito 🇯🇵 Reims
46%
Désiré Doué 🇫🇷🇨🇮 Rennes
45%
Guéla Doué 🇨🇮🇫🇷 Rennes
45%
Jean-Clair Todibo 🇫🇷🇬🇫 Nice
45%
Maxence Caqueret 🇫🇷 OL
45%
Nemanja Matic 🇷🇸🇸🇰 Rennes
45%
Enzo Le Fée 🇫🇷 Rennes
44%
Layvin Kurzawa 🇫🇷🇬🇵 PSG
44%
Matz Sels 🇧🇪 Strasbourg
44%
Nicolas Tagliafico 🇦🇷🇮🇹 OL
44%
Breel Embolo 🇨🇭🇨🇲 Monaco
43%
Andy Diouf 🇫🇷🇸🇳 Lens
42%
Arthur Atta 🇫🇷 Metz
42%
Cher Ndour 🇮🇹🇸🇳 PSG
42%
Duje Caleta-Car 🇭🇷 OL
42%
Guillermo Maripan 🇨🇱 Monaco
42%
Ludovic Blas 🇫🇷🇲🇶 Rennes
42%
Nicolas Pallois 🇫🇷 Nantes
42%
Quentin Merlin 🇫🇷 Nantes
42%
Yehvann Diouf 🇫🇷🇸🇳 Reims
42%
Eliesse Ben Seghir 🇫🇷🇲🇦 Monaco
41%
Kevin Gameiro 🇫🇷 Strasbourg
41%
Leny Yoro 🇫🇷🇨🇮 LOSC
41%
Mostafa Mohammed 🇪🇬 Nantes
41%
Rémy Cabella 🇫🇷🇮🇹 LOSC
41%
Dejan Lovren 🇭🇷 OL
40%
Hugo Ekitike 🇫🇷🇨🇲 PSG
40%
Jonathan Gradit 🇫🇷 Lens
40%
Pierre Lees-Melou 🇫🇷 Brest
40%
Adrien Truffert 🇫🇷 Rennes
39%
Angel Gomes 🏴󠁧󠁢󠁥󠁮󠁧󠁿🇵🇹 LOSC
39%
Benjamin Lecomte 🇫🇷 Montpellier
39%
Isaak Touré 🇫🇷🇨🇮 Lorient
39%
Khéphren Thuram 🇫🇷🇬🇵 Nice
39%
Pape Gueye 🇸🇳🇫🇷 OM
39%
Abdoulaye Touré 🇬🇳🇫🇷 Le Havre
38%
David Pereira da Costa 🇵🇹🇫🇷 Lens
38%
Guillaume Restes 🇫🇷🇨🇮 TFC
38%
Lamine Diack 🇸🇳 Nantes
38%
Magnhes Akliouche 🇫🇷🇩🇿 Monaco
38%
Philippe Kohn 🇨🇭🇩🇪 Monaco
38%
Vanderson 🇧🇷 Monaco
38%
Adrien Thomasson 🇫🇷🇭🇷 Lens
37%
Mama Baldé 🇬🇼🇵🇹 OL
37%
Marco Bizot 🇳🇱 Brest
37%
Melvin Bard 🇫🇷 Nice
37%
Rubén Blanco 🇪🇸 OM
37%
Yvon Mvogo 🇨🇭🇨🇲 Lorient
37%
Bonota Traoré 🇫🇷 TFC
36%
Daouda Traoré 🇫🇷🇸🇳 Nice
36%
Edon Zhegrova 🇽🇰🇩🇪 LOSC
36%
Ibrahima Sissoko 🇫🇷🇲🇱 Strasbourg
36%
Ismaël Traoré 🇨🇮🇫🇷 Metz
36%
Jonas Martin 🇫🇷 Brest
36%
Mory Diaw 🇸🇳🇫🇷 Clermont
36%
Moussa Sissoko 🇫🇷🇲🇱 Nantes
36%
Youcef Atal 🇩🇿 Nice
36%
Aliou Baldé 🇸🇳 Nice
35%
Clinton Mata 🇦🇴🇧🇪 OL
35%
Denis Zakaria 🇨🇭🇨🇩 Monaco
35%
Ibrahima Baldé 🇫🇷🇸🇳 Lens
35%
Thijs Dallinga 🇳🇱 TFC
35%
Deiver Machado 🇨🇴 Lens
34%
Tino Kadewere 🇿🇼 OL
34%
Baptiste Santamaria 🇫🇷 Rennes
33%
Habib Diarra 🇫🇷🇸🇳 Strasbourg
33%
Jean-Louis Leca 🇫🇷 Lens
33%
Joaquin Correa 🇦🇷🇮🇹 OM
33%
Keito Nakamura 🇯🇵 Reims
33%
Mohammed Salisu 🇬🇭 Monaco
33%
Moussa Diarra 🇲🇱🇫🇷 TFC
33%
Romain Del Castillo 🇫🇷🇪🇸 Brest
33%
Steve Mounié 🇧🇯🇫🇷 Brest
33%
Amir Murillo 🇵🇦 OM
32%
Bafodé Diakité 🇫🇷🇬🇳 LOSC
32%
Edan Diop 🇫🇷🇸🇳 Monaco
32%
Ernest Nuamah 🇬🇭 OL
32%
Ibrahim Diakité 🇬🇳🇫🇷 Reims
32%
Ibrahim Salah 🇲🇦🇧🇪 Rennes
32%
Kenny Lala 🇫🇷🇲🇶 Brest
32%
Oumar Diakité 🇨🇮 Reims
32%
Ruben Aguilar 🇫🇷🇪🇸 Lens
32%
Sofiane Diop 🇫🇷🇸🇳 Nice
32%
Wesley Saïd 🇫🇷🇰🇲 Lens
32%
Abdoul Kader Bamba 🇫🇷🇸🇳 Nantes
31%
Akor Adams 🇳🇬 Montpellier
31%
Alexandre Oukidja 🇩🇿🇫🇷 Metz
31%
Hakon Arnar Haraldsson 🇮🇸 LOSC
31%
Krépin Diatta 🇸🇳 Monaco
31%
Mohamed Bayo 🇬🇳🇫🇷 Le Havre
31%
Renan Lodi 🇧🇷🇮🇹 OM
31%
Warmed Omari 🇫🇷🇰🇲 Rennes
31%
Wilfried Singo 🇨🇮 Monaco
31%
Yunis Abdelhamid 🇲🇦🇫🇷 Reims
31%
Pedro Chirivella 🇪🇸 Nantes
30%
Salis Abdul Samed 🇬🇭🇨🇮 Lens
30%
Sinaly Diomandé 🇨🇮 OL
30%
Teddy Teuma 🇲🇹🇫🇷 Reims
30%
Tiago Santos 🇵🇹 LOSC
30%
Yusuf Yazici 🇹🇷 LOSC
30%
Angelo Fulgini 🇫🇷🇨🇮 Lens
29%
Bradley Locko 🇫🇷🇨🇬 Brest
29%
Ismaily 🇧🇷 LOSC
29%
Jake O'brien 🇮🇪 OL
29%
Massadio Haidara 🇲🇱🇫🇷 Lens
29%
Ainsley Maitland-Niles 🏴󠁧󠁢󠁥󠁮󠁧󠁿🇯🇲 OL
28%
Johann Lepenant 🇫🇷 OL
28%
Joris Chotard 🇫🇷 Montpellier
28%
Laurent Abergel 🇫🇷 Lorient
28%
Logan Costa 🇨🇻🇫🇷 TFC
28%
Martin Satriano 🇺🇾🇮🇹 Brest
28%
Morgan Sanson 🇫🇷 Nice
28%
Wahbi Khazri 🇹🇳🇫🇷 Montpellier
28%
Bamo Meïté 🇨🇮🇫🇷 OM
27%
Brendan Chardonnet 🇫🇷 Brest
27%
Jordan Ferri 🇫🇷 Montpellier
27%
Abakar Sylla 🇨🇮 Strasbourg
26%
Dembo Sylla 🇬🇳🇫🇷 Lorient
26%
Issiaga Sylla 🇬🇳 Montpellier
26%
Jeanuël Belocian 🇫🇷🇬🇵 Rennes
26%
Jeffinho 🇧🇷 OL
26%
Jérémie Boga 🇨🇮🇫🇷 Nice
26%
Johan Gastien 🇫🇷 Clermont
26%
Jordan Lotomba 🇨🇭🇨🇩 Nice
26%
Lilian Brassier 🇫🇷🇬🇵 Brest
26%
Mousa Al-Tamari 🇯🇴 Montpellier
26%
Nabil Bentaleb 🇩🇿🇫🇷 LOSC
26%
Rémy Riou 🇫🇷 OL
26%
Vito Mannone 🇮🇹 LOSC
26%
Bamba Dieng 🇸🇳 Lorient
25%
Cheick Doumbia 🇫🇷🇲🇱 Le Havre
25%
Hicham Boudaoui 🇩🇿 Nice
25%
Kamory Doumbia 🇲🇱 Brest
25%
Romain Faivre 🇫🇷🇩🇿 Lorient
25%
Saël Kumbedi 🇫🇷🇨🇩 OL
25%
Wuilker Farinez 🇨🇴 Lens
25%
Adam Ounas 🇩🇿🇫🇷 LOSC
24%
Arnaud Nordin 🇫🇷🇲🇶 Montpellier
24%
Arthur Desmas 🇫🇷 Le Havre
24%
Christopher Wooh 🇨🇲🇫🇷 Rennes
24%
Ismail Jakobs 🇸🇳🇩🇪 Monaco
24%
Jean Charles Castelleto 🇨🇲🇫🇷 Nantes
24%
Jérémy Le Douaron 🇫🇷 Brest
24%
Lucas Perrin 🇫🇷 Strasbourg
24%
Mamadou Sakho 🇫🇷🇸🇳 Montpellier
24%
Marshall Munetsi 🇿🇼 Reims
24%
Maxime Gonalons 🇫🇷 Clermont
24%
Radoslaw Majecki 🇵🇱 Monaco
24%
Rémy Descamps 🇫🇷 Nantes
24%
Azor Matusiwa 🇳🇱🇦🇴 Reims
23%
Montassar Talbi 🇹🇳🇫🇷 Lorient
23%
Alexsandro 🇧🇷 LOSC
22%
Billal Brahimi 🇩🇿🇫🇷 Brest
22%
Eli Junior Kroupi 🇫🇷🇨🇮 Lorient
22%
Emanuel Emegha 🇳🇱🇳🇬 Strasbourg
22%
Evann Guessand 🇫🇷🇨🇮 Nice
22%
Florent Mollet 🇫🇷 Nantes
22%
Henrique Silva 🇧🇷 OL
22%
Lorenz Assignon 🇫🇷🇹🇬 Rennes
22%
Matthis Abline 🇫🇷 Nantes
22%
Samuel Moutoussamy 🇨🇩🇫🇷 Nantes
22%
Alfred Gomis 🇸🇳🇮🇹 Lorient
21%
Badredine Bouanani 🇩🇿🇫🇷 Nice
21%
Gauthier Lloris 🇫🇷 Le Havre
21%
Hugo Magnetti 🇫🇷 Brest
21%
Igor Silva 🇧🇷 Lorient
21%
Lebo Mothiba 🇿🇦 Strasbourg
21%
Mathias Pereira Lage 🇫🇷🇵🇹 Brest
21%
Muhammed Cham 🇦🇹 Clermont
21%
Myron Boadu 🇳🇱🇬🇭 Monaco
21%
Pablo Rosario 🇳🇱🇩🇴 Nice
21%
Rasmus Nicolaisen 🇩🇰 TFC
21%
Salvatore Sirigu 🇮🇹 Nice
21%
Samuel Umtiti 🇫🇷🇨🇲 LOSC
21%
Thomas Foket 🇧🇪 Reims
21%
Tiago Djalo 🇵🇹🇬🇼 LOSC
21%
Yoni Gomis 🇫🇷🇸🇳 Le Havre
21%
Zakaria Aboukhlal 🇲🇦🇳🇱 TFC
21%
Abdukodir Khusanov 🇺🇿 Lens
20%
Christopher Jullien 🇫🇷 Montpellier
20%
Frédéric Guilbert 🇫🇷 Strasbourg
20%
Gauthier Gallon 🇫🇷 Rennes
20%
Gelson Martins 🇵🇹🇨🇻 Monaco
20%
Tiemoué Bakayoko 🇫🇷🇨🇮 Lorient
20%
Chrislain Matsima 🇫🇷🇨🇬 Monaco
19%
Dilane Bakwa 🇫🇷🇨🇩 Strasbourg
19%
Emran Soglo 🏴󠁧󠁢󠁥󠁮󠁧󠁿🇫🇷 OM
19%
Falaye Sacko 🇲🇱 Montpellier
19%
Jérémie Bela 🇦🇴🇫🇷 Clermont
19%
Jordan Amavi 🇫🇷🇸🇳 Brest
19%
Mohamed Daramy 🇩🇰🇸🇱 Reims
19%
Morgan Guilavogui 🇬🇳🇫🇷 Lens
19%
Neil El Aynaoui 🇲🇦🇫🇷 Lens
19%
Stijn Spierings 🇳🇱 TFC
19%
Alidu Seidu 🇬🇭 Clermont
18%
Bertug Yildirim 🇹🇷 Rennes
18%
François Mughe 🇨🇲 OM
18%
Gabriel Suazo 🇨🇱 TFC
18%
Ignatius Ganago 🇨🇲🇳🇬 Nantes
18%
Julien Laporte 🇫🇷 Lorient
18%
Mikkel Desler 🇩🇰 TFC
18%
Mohamed Koné 🇨🇮🇫🇷 Le Havre
18%
Sanjin Prcic 🇧🇦🇫🇷 Strasbourg
18%
Youssouf Ndayishimiye 🇧🇮 Nice
18%
Amir Richardson 🇲🇦🇫🇷 Reims
17%
Angelo 🇧🇷 Strasbourg
17%
Bilal Nadir 🇫🇷🇩🇿 OM
17%
Gédéon Kalulu 🇨🇩🇫🇷 Lorient
17%
Ivan Cavaleiro 🇦🇴🇵🇹 LOSC
17%
Marcus Coco 🇫🇷🇬🇵 Nantes
17%
Maximiliano Caufriez 🇧🇪 Clermont
17%
Théo Le Bris 🇫🇷 Lorient
17%
Thibault De Smet 🇧🇪 Reims
17%
Alaa Bellaarouch 🇲🇦 Strasbourg
16%
Alexandre Pierre 🇭🇹🇫🇷 Strasbourg
16%
Emmanuel Agbadou 🇨🇮 Reims
16%
Eray Cömert 🇨🇭🇹🇷 Nantes
16%
Jim Allevinah 🇬🇦🇫🇷 Clermont
16%
Maxime Estève 🇫🇷 Montpellier
16%
Neto Borges 🇧🇷 Clermont
16%
Romain Perraud 🇫🇷 Nice
16%
Vincent Sierro 🇨🇭 TFC
16%
Diego Moreira 🇵🇹🇧🇪 OL
15%
Dimitry Bertaud 🇫🇷🇨🇩 Montpellier
15%
Eliot Matazo 🇧🇪🇨🇩 Monaco
15%
Fabian Rieder 🇨🇭 Rennes
15%
Grejohn Kyei 🇫🇷🇬🇭 Clermont
15%
Jean Kevin Duverne 🇭🇹🇫🇷 Nantes
15%
Julien Le Cardinal 🇫🇷 Brest
15%
Nathan Zeze 🇫🇷🇨🇮 Nantes
15%
Paul Akouokou 🇨🇮 OL
15%
Ronaël Pierre-Gabriel 🇲🇶🇫🇷 Nantes
15%
Soungoutou Magassa 🇫🇷🇲🇱 Monaco
15%
Thomas Delaine 🇫🇷 Strasbourg
15%
Yann Lienard 🇫🇷 Monaco
15%
Yassine Kechta 🇲🇦🇫🇷 Le Havre
15%
Achraf Dari 🇲🇦 Brest
14%
Adam Jakubech 🇸🇰 LOSC
14%
Alexis Claude-Maurice 🇫🇷🇬🇵 Nice
14%
Aron Donnum 🇳🇴 TFC
14%
Arouna Sangante 🇸🇳🇬🇼 Le Havre
14%
Becir Omeragic 🇨🇭🇧🇦 Montpellier
14%
Christopher Operi 🇨🇮🇫🇷 Le Havre
14%
Douglas Augusto 🇧🇷 Nantes
14%
Gabriel Gudmundson 🇸🇪 LOSC
14%
Igacio Miramon 🇦🇷 LOSC
14%
Kandet Diawara 🇫🇷🇬🇳 Le Havre
14%
Mohamed El Arouch 🇫🇷🇲🇦 OL
14%
Nabil Alioui 🇫🇷🇲🇦 Le Havre
14%
Simon Ngapandouetnbu 🇨🇲🇫🇷 OM
14%
Adrian Grbic 🇦🇹🇭🇷 Lorient
13%
Cheik Oumar Konaté 🇲🇱 Clermont
13%
Daler Kuzyaev 🇷🇺 Le Havre
13%
Elbasan Rashani 🇽🇰🇳🇴 Clermont
13%
Fabien Centonze 🇫🇷 Nantes
13%
Ibou Sané 🇸🇳 Metz
13%
Julien Ponceau 🇫🇷🇦🇴 Lorient
13%
Kiki Kouyaté 🇲🇱 Montpellier
13%
Loïc Nego 🇭🇺🇫🇷 Le Havre
13%
Matthieu Udol 🇫🇷🇬🇵 Metz
13%
Reda Khadra 🇩🇪🇱🇧 Reims
13%
Sadibou Sané 🇸🇳 Metz
13%
Shamar Nicholson 🇯🇲 Clermont
13%
Akim Zedadka 🇩🇿🇫🇷 LOSC
12%
Alan Virginius 🇫🇷 LOSC
12%
Christophe Hérelle 🇲🇶🇫🇷 Metz
12%
Eduard Sobol 🇺🇦 Strasbourg
12%
Frank Magri 🇫🇷🇨🇲 TFC
12%
Grégoire Coudert 🇫🇷 Brest
12%
Ismaël Doukouré 🇫🇷🇨🇮 Strasbourg
12%
Jean-Eudes Aholou 🇨🇮 Strasbourg
12%
Jimmy Cabot 🇫🇷 Lens
12%
Komnen Andric 🇷🇸 Clermont
12%
Saidou Sow 🇬🇳🇫🇷 Strasbourg
12%
Skelly Alvero 🇫🇷🇦🇴 OL
12%
Vincent Le Goff 🇫🇷 Lorient
12%
Yannick Pandor 🇰🇲🇫🇷 Lens
12%
Ablie Jallow 🇬🇲 Metz
11%
Alexis Beka Beka 🇫🇷🇨🇬 Nice
11%
Ayanda Sishuba 🇧🇪🇿🇦 Lens
11%
Bonke Innocent 🇳🇬 Lorient
11%
César Gelabert 🇪🇸 TFC
11%
Ibrahim Cissoko 🇳🇱🇬🇳 TFC
11%
Junior Mwanga 🇫🇷🇨🇩 Strasbourg
11%
Oussama Targhalline 🇲🇦 Le Havre
11%
Siriné Doucouré 🇫🇷🇲🇱 Lorient
11%
Yoann Salmier 🇬🇫🇫🇷 Le Havre
11%
Yohann Magnin 🇫🇷 Clermont
11%
Cheikh Sabaly 🇸🇳 Metz
10%
Denis Petric 🇸🇮🇷🇸 Nantes
10%
Emmanuel Sabbi 🇺🇸🇬🇭 Le Havre
10%
Florent Ogier 🇫🇷 Clermont
10%
Gerzino Nyamsi 🇫🇷🇨🇲 Strasbourg
10%
Josué Casimir 🇬🇵🇫🇷 Le Havre
10%
Kévin N'Doram 🇫🇷🇹🇩 Metz
10%
Khalil Fayad 🇫🇷🇲🇦 Montpellier
10%
Mathieu Gorgelin 🇫🇷 Le Havre
10%
Mehdi Zeffane 🇩🇿🇫🇷 Clermont
10%
Oscar Cortés 🇨🇴 Lens
10%
Aiyegun Tosin 🇧🇯🇳🇬 Lorient
9%
Andy Pelmard 🇫🇷🇬🇵 Clermont
9%
Ayman Kari 🇫🇷🇰🇲 Lorient
9%
Cristian Casseres Jr. 🇻🇪 TFC
9%
Danley Jean-Jacques 🇭🇹 Metz
9%
Denis Genreau 🇦🇺🇫🇷 TFC
9%
Faitout Maouassa 🇫🇷🇨🇬 Lens
9%
Fali Candé 🇬🇼🇵🇹 Metz
9%
Habib Keïta 🇲🇱🇨🇮 Clermont
9%
Issa Soumaré 🇸🇳 Le Havre
9%
Jaouen Hadjam 🇩🇿🇫🇷 Nantes
9%
Jean-Victor Makengo 🇫🇷🇨🇩 Lorient
9%
Joseph Okumu 🇰🇪 Reims
9%
Léo Leroy 🇫🇷 Montpellier
9%
Marc-Aurèle Caillard 🇫🇷 Metz
9%
Mathis Lambourde 🇫🇷 Rennes
9%
Maxime Collin 🇫🇷 Metz
9%
Niklas Schmidt 🇩🇪 TFC
9%
Samuel Grandsir 🇫🇷🇸🇳 Le Havre
9%
Antoine Joujou 🇫🇷🇬🇵 Le Havre
8%
Axel Camblan 🇫🇷 Brest
8%
Bilal Boutobba 🇫🇷🇩🇿 Clermont
8%
Jessy Deminguet 🇫🇷 Strasbourg
8%
Joel Asoro 🇸🇪🇳🇬 Metz
8%
Karol Fila 🇵🇱 Strasbourg
8%
Kevin Van Den Kerkhof 🇩🇿🇫🇷 Metz
8%
Ludovic Butelle 🇫🇷 Reims
8%
Marvin Senaya 🇫🇷🇹🇬 Strasbourg
8%
Pablo Pagis 🇫🇷 Lorient
8%
Théo Sainte-Luce 🇫🇷🇬🇵 Montpellier
8%
Adson 🇧🇷 Nantes
7%
Alexandre Olliero 🇫🇷 Reims
7%
Alex Dominguez 🇪🇸 TFC
7%
Ayoub Amraoui 🇲🇦🇫🇷 Nice
7%
Bastien Meupiyou 🇫🇷🇨🇲 Nantes
7%
Darlin Yongwa 🇨🇲 Lorient
7%
Kelvin Yeboah 🇮🇹🇬🇭 Montpellier
7%
Maxime Busi 🇧🇪 Reims
7%
Moïse Sahi Dion 🇨🇮🇲🇱 Strasbourg
7%
Teddy Boulhendi 🇩🇿🇫🇷 Nice
7%
Warren Kamanzi 🇳🇴 TFC
7%
Adrien Lebeau 🇫🇷 Brest
6%
Aloïs Confais 🇫🇷 Le Havre
6%
Enzo Tchato 🇨🇲🇫🇷 Montpellier
6%
Geoffrey Lembet 🇨🇫🇫🇷 Rennes
6%
Habib Maïga 🇨🇮 Metz
6%
Jean N'Guessan 🇨🇮 Metz
6%
Jérémy Jacquet 🇫🇷🇬🇵 Rennes
6%
Josué Escartin 🇫🇷🇨🇬 Brest
6%
Mamadou Diakhon 🇫🇷🇸🇳 Reims
6%
Naatan Skytta 🇫🇮 TFC
6%
Oualid El Hajjam 🇲🇦🇫🇷 Le Havre
6%
Sacha Delaye 🇫🇷 Montpellier
6%
Simon Elisor 🇫🇷🇬🇵 Metz
6%
Stredair Appuah 🇫🇷🇬🇭 Nantes
6%
Yan Marillat 🇫🇷 Brest
6%
Amine Salama 🇫🇷🇲🇦 Reims
5%
Belmin Dizdarevic 🇧🇦 Montpellier
5%
Benjamin Tetteh 🇬🇭 Metz
5%
Guillaume Dietsch 🇫🇷 Metz
5%
Joel Mvuka 🇳🇴 Lorient
5%
Josh Wilson-Esbrand 🏴󠁧󠁢󠁥󠁮󠁧󠁿🇯🇲 Reims
5%
Koffi Kouao 🇨🇮🇬🇭 Metz
5%
Yanis Begraoui 🇲🇦🇫🇷 TFC
5%
Achraf Laâziri 🇲🇦 OL
4%
Aïman Maurer 🇲🇦🇫🇷 Clermont
4%
Christian Mawissa Elebi 🇫🇷 TFC
4%
Dominique Youfeigane 🇨🇫🇫🇷 Lorient
4%
Kévin Keben 🇨🇲 TFC
4%
Malick Mbaye 🇸🇳 Metz
4%
Mamady Bangré 🇧🇫🇫🇷 TFC
4%
Mohamed Jaouab 🇲🇦 Rennes
4%
Oliver Zandén 🇸🇪 TFC
4%
Oscar Estupinian 🇨🇴 Metz
4%
Quentin Boisgard 🇫🇷 Lorient
4%
Reda Belahyane 🇫🇷🇲🇦 Nice
4%
Théo Borne 🇫🇷 Clermont
4%
Valentin Atangana Edoa 🇫🇷🇨🇲 Reims
4%
Yoël Armougom 🇫🇷🇷🇪 Clermont
4%
Adama Bojang 🇬🇲 Reims
3%
Andy Logbo 🇫🇷🇨🇮 Le Havre
3%
Étienne Youté Kinkoué 🇫🇷🇨🇲 Le Havre
3%
Joseph Nduquidi 🇫🇷 Metz
3%
Justin Lacombe 🇫🇷 TFC
3%
Loris Mouyokolo 🇫🇷🇨🇬 Lorient
3%
Maxime Bastian 🇫🇷 Strasbourg
3%
Steven Baseya 🇫🇷🇨🇩 Strasbourg
3%
Thomas Himeur 🇫🇷🇩🇿 TFC
3%
Warren Tchimbembé 🇨🇬🇫🇷 Metz
3%
Noah Lahmadi 🇫🇷🇩🇿 TFC
2%
Nolan Bonte 🇫🇷🇸🇳 Lens
2%
Yanis Guermouche 🇩🇿🇫🇷 Montpellier
2%
Yannis Nahounou 🇫🇷🇨🇮 Nice
2%
Yllan Okou 🇫🇷🇨🇮 Monaco
2%
Kléri Serber 🇫🇷🇬🇵 TFC
1%
Mokrane Bentoumi 🇫🇷🇩🇿 Le Havre
1%
Noah Edjouma 🇫🇷🇨🇲 TFC
1%
Sami Lahssaini 🇧🇪🇲🇦 Metz
1%
Aucun quiz correspondant
Distribution des résultats
% des personnes avec chaque résultat
Percentile par nombre de réponses
Votre historique - résultats
Vous n’avez pas pris ce quiz